000 00609nam a22001457a 4500
008 140813b xxu||||| |||| 00| 0 eng d
020 _a0406094268
050 _aKD276.3.L39(1894 vol.3)
245 _aThe Law Reports(1894 vol.3): Of the incorporated council of Law reporting. Supreme court of judicature. Cases determined in the Chancery division and in Lunacy and on appeal therefrom in the court of appeal. /
_cEdited by G. W. Hemming.
260 _aLondon:
_bButterworth &co ltd,
_c1894.
300 _aXii, 727p.:
_c24cm.
440 _pChancery Divison.
_vVol. 3
800 _aHemming G. W
942 _2lcc
_cBK
999 _c3320
_d10820